|
|
|
|
| LEADER |
00000nam a2200000 a 4500 |
| 001 |
vtls001414162 |
| 003 |
SK-MaSNL |
| 005 |
20260301012548.0 |
| 008 |
251124s2000 DE a r 0 ger |
| 020 |
|
|
|a 3598113943
|c [1288,00]
|
| 035 |
|
|
|a SNK000368887
|
| 040 |
|
|
|a SNK
|b slo
|c SNK
|e AACR2
|
| 044 |
|
|
|a DE
|
| 080 |
|
|
|a 021/027(430)
|2 1981
|
| 080 |
|
|
|a 02(430)
|2 1981
|
| 100 |
1 |
|
|a Hacker, Rupert
|4 aut
|9 297794
|
| 245 |
1 |
0 |
|a Bibliothekarisches Grundwissen
|c Rupert Hacker
|
| 250 |
|
|
|a 7., neu bearb. Aufl.
|
| 260 |
|
|
|a München
|b K.G. Saur
|c 2000
|
| 300 |
|
|
|a 366 s.
|c 21 cm
|
| 650 |
0 |
7 |
|a knihovníctvo
|2 SNKPH
|9 1557
|
| 650 |
0 |
7 |
|a knižnice
|2 SNKPH
|9 17965
|
| 655 |
|
7 |
|a príručky
|2 SNKPH
|9 74364
|
| 919 |
|
|
|a 3-598-11394-3
|
| 999 |
|
|
|c 553849
|d 555779
|
| 952 |
|
|
|t snkHAC 02
|a SNKUST
|b SNKUST
|y PREZ
|7 0
|p 17A0302061
|o prac.
|i snkV 829/2001
|0 0
|1 0
|4 0
|d 2001-06-12
|l 0
|r 2025-03-19 00:00:00
|w 2026-02-23
|